| 000 | 00683nam a2200217Ia 4500 | ||
|---|---|---|---|
| 003 | GCL | ||
| 008 | 140319s9999 xx 000 0 ara d | ||
| 040 |
_aGCL / _cGCL |
||
| 082 | 0 | 4 |
_a642.5 _bس م |
| 100 | 1 | _aسامى عبدالقادر سعيد | |
| 245 | 1 | 0 |
_aالمهارات العملية لفن الخدمة الفندقية / _cسامى عبدالقادر سعيد |
| 260 |
_a[S.N] : _bمكتبة الانجلوالمصرية ، _c1994 |
||
| 300 | _a273 ص | ||
| 490 | _a | ||
| 650 | 0 | 4 | _aالفنادق |
| 650 | 0 | 4 | _aالجوانب الاجتماعية |
| 650 | 0 | 4 | _aالمطاعم |
| 650 | 0 | 4 | _aاعداد المائدة |
| 650 | 0 | 4 | _aالطهى |
| 942 |
_2ddc _cBK |
||
| 999 |
_c33293 _d33293 |
||